Constitution of the Republic of Namibia. (Record no. 3312)

MARC details
000 -LEADER
fixed length control field 00887cam a22002774a 4500
001 - CONTROL NUMBER
control field 14334506
003 - CONTROL NUMBER IDENTIFIER
control field OSt
005 - DATE AND TIME OF LATEST TRANSACTION
control field 20230703144540.0
008 - FIXED-LENGTH DATA ELEMENTS--GENERAL INFORMATION
fixed length control field 060410s2005 sx a f000 0 eng
010 ## - LIBRARY OF CONGRESS CONTROL NUMBER
LC control number 2006305433
020 ## - INTERNATIONAL STANDARD BOOK NUMBER
International Standard Book Number 086976523X
040 ## - CATALOGING SOURCE
Original cataloging agency DLC
Transcribing agency DLC
042 ## - AUTHENTICATION CODE
Authentication code lcode
043 ## - GEOGRAPHIC AREA CODE
Geographic area code f-sx---
082 ## - DEWEY DECIMAL CLASSIFICATION NUMBER
Classification number 342.688
Item number RON
110 1# - MAIN ENTRY--CORPORATE NAME
Corporate name or jurisdiction name as entry element Namibia.
245 10 - TITLE STATEMENT
Title Constitution of the Republic of Namibia.
260 ## - PUBLICATION, DISTRIBUTION, ETC. (IMPRINT)
Place of publication, distribution, etc. Windhoek :
Name of publisher, distributor, etc. Directorate Print Media and Regional Offices, Ministry of Information and Broadcasting,
Date of publication, distribution, etc. [2005]
300 ## - PHYSICAL DESCRIPTION
Extent 69, xiii p. :
Other physical details ill. (some col.) ;
Dimensions 21 cm.
500 ## - GENERAL NOTE
General note "A blueprint for the future"--Cover.
650 #0 - SUBJECT ADDED ENTRY--TOPICAL TERM
Topical term or geographic name as entry element Constitutions
Geographic subdivision Namibia.
710 1# - ADDED ENTRY--CORPORATE NAME
Corporate name or jurisdiction name as entry element Namibia.
Subordinate unit Directorate Print Media and Regional Offices.
906 ## - LOCAL DATA ELEMENT F, LDF (RLIN)
a 7
b cbc
c origode
d 2
e ncip
f 20
g y-gencatlg
942 ## - ADDED ENTRY ELEMENTS (KOHA)
Source of classification or shelving scheme Dewey Decimal Classification
Koha item type Books
Holdings
Withdrawn status Lost status Source of classification or shelving scheme Damaged status Not for loan Home library Current library Date acquired Total Checkouts Full call number Barcode Date last seen Price effective from Koha item type
    Dewey Decimal Classification     County Hall Archives County Hall Archives 07/03/2023   342.688 RON 10010676 07/03/2023 07/03/2023 Books
    Dewey Decimal Classification     County Hall Archives County Hall Archives 07/03/2023   342.688 RON 10010675 07/03/2023 07/03/2023 Books
LIBRARY OPENING HOURS

When the Parliament is sitting: 8.00a.m - 7.00p.m or until the house adjourns
Mondays and Fridays and when the House is on Recess:  8.00a.m - 5.00p.m
Closed on Weekends and Public Holidays

Online Public Access Catalog (OPAC)
Website: http://www.parliament.go.ke
Bunge Library: https://libraryir.parliament.go.ke
Contact: library@parliament.go.ke | Tel no: (254-2)2221291 or 2848000 Ext 5043